[Event "Frankfurt Ch 2013"]
[Site "Ffm-Kalbach, LAZ"]
[Date "2013.06.03"]
[Round "5.1"]
[White "Khenkin, Igor"]
[Black "Legde, Georg"]
[Result "1-0"]
[WhiteElo "2574"]
[BlackElo "2286"]
[PlyCount "51"]
[EventDate "2013.??.??"]
[WhiteTeam "Wiesbadener SV 1885"]
[BlackTeam "SK 1858 Gießen"]

1. d4 Nf6 2. c4 e6 3. Nf3 Bb4+ 4. Bd2 c5 5. Bxb4 cxb4 6. Nbd2 O-O 7. e3 b6 8.
Bd3 Bb7 9. O-O d6 10. Qc2 Qe7 11. Ng5 g6 12. Nge4 Nfd7 13. f4 f5 14. Ng3 Nf6
15. Rae1 Nc6 16. d5 exd5 17. cxd5 Nxd5 18. e4 fxe4 19. Bxe4 Qf7 20. f5 g5 21.
Nf3 h6 22. f6 b3 23. Qc1 Nf4 24. Bxc6 Bxc6 25. Qxc6 Qxf6 26. Qc4+ 1-0

[Event "Frankfurt Ch 2013"]
[Site "Ffm-Kalbach, LAZ"]
[Date "2013.06.03"]
[Round "5.2"]
[White "Isserman, Ryhor"]
[Black "Milov, Leonid"]
[Result "1/2-1/2"]
[WhiteElo "2258"]
[BlackElo "2538"]
[PlyCount "69"]
[EventDate "2013.??.??"]
[WhiteTeam "SK Bad Homburg 1927"]
[BlackTeam "SC NT Nürnberg 1873"]

1. e4 d5 2. exd5 Qxd5 3. Nc3 Qa5 4. d4 Nf6 5. Nf3 Bf5 6. Ne5 c6 7. Bd3 Bxd3 8.
Qxd3 e6 9. O-O Nbd7 10. Nxd7 Nxd7 11. Ne4 Nf6 12. Qf3 Nxe4 13. Qxe4 Qd5 14. Qd3
Bd6 15. Re1 O-O 16. Qe4 Qxe4 17. Rxe4 c5 18. dxc5 Bxc5 19. Be3 Bxe3 20. Rxe3
Rfd8 21. Kf1 Rd2 22. Re2 Rad8 23. Rxd2 Rxd2 24. Rc1 Kf8 25. Ke1 Rd4 26. c3 Ra4
27. a3 b5 28. Rd1 Ke7 29. Ke2 f5 30. Rd3 h5 31. Rg3 Kf6 32. Rd3 Ke7 33. Rg3 Kf6
34. Rd3 Ke7 35. Rg3 1/2-1/2

[Event "Frankfurt Ch 2013"]
[Site "Ffm-Kalbach, LAZ"]
[Date "2013.06.03"]
[Round "5.3"]
[White "Calvi, Stefan"]
[Black "Holvason, Juri"]
[Result "0-1"]
[WhiteElo "2014"]
[BlackElo "2200"]
[PlyCount "133"]
[EventDate "2013.??.??"]
[WhiteTeam "Sfr. Frankfurt 1921"]
[BlackTeam "SC Brett vor'm Kopp Ffm"]

1. e4 d5 2. exd5 Qxd5 3. Nc3 Qd6 4. d4 Nf6 5. Nf3 a6 6. a4 Bg4 7. Be2 Nc6 8.
Be3 O-O-O 9. Ng5 Bxe2 10. Qxe2 Qb4 11. O-O e5 12. Nxf7 exd4 13. Nxd8 Nxd8 14.
Na2 Qe7 15. Rfe1 dxe3 16. Qxe3 Qxe3 17. Rxe3 Bc5 18. Re2 Nc6 19. c3 a5 20. Rd1
Rf8 21. h3 Nh5 22. Rdd2 b6 23. Nc1 Nf4 24. Re4 g5 25. Nb3 Bd6 26. Nd4 Nxd4 27.
Rexd4 Ne6 28. Rc4 Kb7 29. b4 axb4 30. cxb4 Ra8 31. Re4 Nf4 32. b5 Rf8 33. g3
Ng6 34. Rd5 h6 35. Re6 Rg8 36. Rf5 Kc8 37. Rf7 h5 38. Kg2 Ne5 39. Rh7 h4 40. a5
Nc4 41. axb6 Nxb6 42. gxh4 gxh4+ 43. Kf1 Rf8 44. Kg1 Bc5 45. Re2 Rf4 46. Rg7
Rf3 47. Kg2 Rf5 48. Rg4 Nd5 49. Rc2 Bb6 50. Rxh4 Nf4+ 51. Kg3 Nd3 52. f4 Rxb5
53. Rg4 Rb3 54. Kh4 Rb5 55. Rg8+ Kb7 56. Kg4 Rb4 57. Rf8 Bc5 58. Rf5 Bd6 59. h4
Nxf4 60. Rxf4 Rxf4+ 61. Kg5 Rf3 62. h5 Rg3+ 63. Kf6 Bf4 64. Rf2 Be3 65. Rb2+
Kc6 66. Rb8 Kd7 67. Rb5 0-1

[Event "Frankfurt Ch 2013"]
[Site "Ffm-Kalbach, LAZ"]
[Date "2013.06.03"]
[Round "5.4"]
[White "Kayser, Felix"]
[Black "Solonar, Stefan"]
[Result "1/2-1/2"]
[WhiteElo "2158"]
[BlackElo "2290"]
[PlyCount "116"]
[EventDate "2013.??.??"]
[WhiteTeam "Wiesbadener SV 1885"]
[BlackTeam "SC Heusenstamm"]

1. d4 Nf6 2. c4 d6 3. Nf3 g6 4. g3 Bg7 5. Bg2 O-O 6. Nc3 Nbd7 7. O-O e5 8. e4
c6 9. h3 Qa5 10. Re1 exd4 11. Nxd4 Ne5 12. Bf1 Be6 13. Nxe6 fxe6 14. Be3 Rad8
15. f4 Nf7 16. Bf2 Nd7 17. a3 Bxc3 18. bxc3 Qxc3 19. Qa4 Nc5 20. Qb4 Nxe4 21.
Qxc3 Nxc3 22. Rxe6 Rfe8 23. Rae1 Rxe6 24. Rxe6 Kf8 25. Bd4 Na4 26. h4 Nc5 27.
Re1 Nh6 28. Bf6 Rd7 29. Bh3 Nf5 30. h5 Rf7 31. Bg5 Kg7 32. hxg6 hxg6 33. Kg2
Nb3 34. g4 Nfd4 35. Re8 Na5 36. Re4 c5 37. Be7 Nxc4 38. f5 b5 39. f6+ Kh6 40.
g5+ Kxg5 41. Bd7 Ne5 42. Bc8 Ndc6 43. Bxd6 Kxf6 44. Bxc5 g5 45. Ba6 Nd3 46. Be3
Kf5 47. Re8 Nf4+ 48. Kg3 Ne2+ 49. Kg2 Ned4 50. Bc8+ Kg6 51. Re4 Rc7 52. Bg4 Nc2
53. Re6+ Kf7 54. Bxg5 Nxa3 55. Rh6 Ne7 56. Rf6+ Kg7 57. Rd6 b4 58. Bf4 Rc2+
1/2-1/2

[Event "Frankfurt Ch 2013"]
[Site "Ffm-Kalbach, LAZ"]
[Date "2013.06.03"]
[Round "5.5"]
[White "Telljohann, Sven"]
[Black "Holzschuh, Gerald"]
[Result "1-0"]
[WhiteElo "2391"]
[BlackElo "2008"]
[PlyCount "91"]
[EventDate "2013.??.??"]
[WhiteTeam "Sfr. Schöneck"]
[BlackTeam "SC Bad Nauheim"]

1. Nf3 c5 2. g3 d5 3. Bg2 Nc6 4. c4 d4 5. O-O e5 6. d3 f5 7. e3 Nf6 8. exd4
exd4 9. Ng5 Be7 10. Re1 h6 11. Ne6 Bxe6 12. Rxe6 Qd7 13. Re1 O-O 14. Nd2 Bd6
15. Bh3 g5 16. Ne4 Nxe4 17. dxe4 g4 18. Bg2 Rf6 19. f4 gxf3 20. Qxf3 Raf8 21.
Qh5 Qf7 22. Qxf7+ Kxf7 23. exf5 Nb4 24. Re6 Nc2 25. Rb1 Kg7 26. Rxf6 Rxf6 27.
Be4 Ne3 28. Bxe3 dxe3 29. Kg2 Be5 30. Kf3 Rb6 31. b3 Bd4 32. g4 a5 33. h4 Bf6
34. Rh1 a4 35. Kxe3 axb3 36. axb3 Rxb3+ 37. Kf4 Rb4 38. g5 Bc3 39. f6+ Kf7 40.
Bd5+ Kf8 41. Kf5 Rb2 42. Kg6 b5 43. Ra1 Re2 44. Ra8+ Re8 45. Ra7 hxg5 46. Rf7+
1-0

[Event "Frankfurt Ch 2013"]
[Site "Ffm-Kalbach, LAZ"]
[Date "2013.06.03"]
[Round "5.6"]
[White "Biegel, Thomas"]
[Black "Stockmann, Michael"]
[Result "0-1"]
[WhiteElo "2018"]
[BlackElo "2256"]
[PlyCount "42"]
[EventDate "2013.??.??"]
[WhiteTeam "SC Steinbach"]
[BlackTeam "Sfr. Schöneck"]

1. d4 d5 2. Nf3 Nf6 3. c4 e6 4. g3 Bb4+ 5. Bd2 Be7 6. Bg2 O-O 7. Nc3 dxc4 8.
Qa4 a6 9. Qxc4 b5 10. Qb3 Bb7 11. O-O Nc6 12. e3 Na5 13. Qc2 Nc4 14. b3 Nxd2
15. Nxd2 Bxg2 16. Kxg2 c5 17. dxc5 Bxc5 18. Nde4 Be7 19. Qe2 Ra7 20. Rfd1 Qa8
21. Qf3 b4 0-1

[Event "Frankfurt Ch 2013"]
[Site "Ffm-Kalbach, LAZ"]
[Date "2013.06.03"]
[Round "5.7"]
[White "Uwira, Oliver"]
[Black "Kuban, Günther"]
[Result "1-0"]
[WhiteElo "2201"]
[BlackElo "2003"]
[PlyCount "120"]
[EventDate "2013.??.??"]
[WhiteTeam "SC 1961 König Nied"]
[BlackTeam "SV Oberursel"]

1. e4 a6 2. d4 b5 3. Bd3 Bb7 4. Nf3 Nf6 5. e5 Ne4 6. Qe2 d5 7. Nbd2 Nxd2 8.
Bxd2 e6 9. Ng5 g6 10. Qf3 Qd7 11. Qf6 Rg8 12. Nxh7 Be7 13. Bg5 Nc6 14. Qxe7+
Qxe7 15. Bxe7 Kxe7 16. c3 Na5 17. O-O-O Bc6 18. Nf6 Rgb8 19. h4 b4 20. h5 gxh5
21. Rxh5 bxc3 22. bxc3 Bb5 23. Rh7 Rh8 24. Rdh1 Rxh7 25. Bxh7 Rh8 26. Rh3 c5
27. dxc5 Nb7 28. c6 Bxc6 29. Bd3 Rxh3 30. gxh3 Nc5 31. Kd2 Kf8 32. Ke3 Nxd3 33.
Kxd3 Bb5+ 34. Ke3 Kg7 35. f4 Bf1 36. h4 Bh3 37. h5 Bf5 38. Kf3 a5 39. Kg3 a4
40. a3 Bc2 41. Kh4 Kh6 42. Ng4+ Kh7 43. Kg5 Bd1 44. Nf6+ Kg7 45. h6+ Kh8 46.
Nd7 Bc2 47. Kf6 Bg6 48. Nc5 Kh7 49. Nxa4 Kxh6 50. Nc5 Kh5 51. a4 Kg4 52. a5 d4
53. cxd4 Kxf4 54. a6 Bh5 55. a7 Bf3 56. Nd7 Ke3 57. Nb6 Kxd4 58. a8=Q Bxa8 59.
Nxa8 Kd5 60. Nc7+ Kc6 1-0

[Event "Frankfurt Ch 2013"]
[Site "Ffm-Kalbach, LAZ"]
[Date "2013.06.03"]
[Round "5.8"]
[White "Rolle, Eric"]
[Black "Benninger, Rudolf"]
[Result "1/2-1/2"]
[WhiteElo "2187"]
[BlackElo "1991"]
[PlyCount "42"]
[EventDate "2013.??.??"]
[WhiteTeam "SK Marburg 1931/72"]
[BlackTeam "SC Heusenstamm"]

1. c4 b6 2. Nc3 Bb7 3. d4 e6 4. a3 Nf6 5. d5 g6 6. Nf3 Bg7 7. e4 O-O 8. Bd3 Na6
9. O-O Nc5 10. Bc2 Ba6 11. Nd2 exd5 12. exd5 c6 13. Re1 cxd5 14. cxd5 Qc7 15.
Nb3 Rfe8 16. Be3 Nce4 17. Nxe4 Nxe4 18. Rc1 Qd6 19. Qf3 f5 20. Nd4 Kh8 21. Bb3
Nc5 1/2-1/2

[Event "Frankfurt Ch 2013"]
[Site "Ffm-Kalbach, LAZ"]
[Date "2013.06.03"]
[Round "5.9"]
[White "Minor, Samuel"]
[Black "Gräbner, Walter"]
[Result "1-0"]
[WhiteElo "2174"]
[BlackElo "1956"]
[PlyCount "77"]
[EventDate "2013.??.??"]
[WhiteTeam "Wiesbadener SV 1885"]
[BlackTeam "SC 1961 König Nied"]

1. e4 c6 2. d4 d5 3. Nc3 dxe4 4. Nxe4 Bf5 5. Ng3 Bg6 6. h4 h6 7. h5 Bh7 8. Nf3
Nd7 9. Bd3 Bxd3 10. Qxd3 e6 11. Bd2 Ngf6 12. O-O-O Qc7 13. Ne4 Nxe4 14. Qxe4
Nf6 15. Qe2 Bd6 16. g3 O-O 17. g4 Bf4 18. Ne5 Bxd2+ 19. Qxd2 Nh7 20. f4 f6 21.
Nf3 Qd6 22. Qe3 Qd5 23. Kb1 b5 24. Rhe1 Rfe8 25. Rg1 Rf8 26. Rde1 Rae8 27. Rg3
a5 28. Reg1 Re7 29. b3 Ref7 30. Re1 Re8 31. g5 fxg5 32. fxg5 hxg5 33. Nxg5 Nxg5
34. Rxg5 Rf5 35. Reg1 Rxg5 36. Rxg5 Qh1+ 37. Kb2 Qh4 38. Qe5 Re7 39. Qf6 1-0

[Event "Frankfurt Ch 2013"]
[Site "Ffm-Kalbach, LAZ"]
[Date "2013.06.03"]
[Round "5.10"]
[White "Mager, Denis"]
[Black "Chandler, Patrick"]
[Result "1-0"]
[WhiteElo "1991"]
[BlackElo "2145"]
[PlyCount "79"]
[EventDate "2013.??.??"]
[WhiteTeam "TuS Makkabi Ffm"]
[BlackTeam "Sfr. Schöneck"]

1. d4 Nf6 2. c4 g6 3. Nc3 d5 4. cxd5 Nxd5 5. Bd2 Bg7 6. e4 Nf6 7. Nf3 O-O 8. h3
b6 9. Bc4 Bb7 10. Qe2 Nc6 11. e5 Ne8 12. Be3 Nb4 13. O-O Nd5 14. Bg5 Nxc3 15.
bxc3 Kh8 16. Nd2 f6 17. Bf4 Bd5 18. Rad1 c6 19. Bb3 Nc7 20. c4 Bg8 21. Nf3 Ne6
22. Bg3 Qc8 23. Ba4 Nd8 24. Bb3 Qa6 25. Rfe1 Nb7 26. e6 Rac8 27. d5 Rfd8 28.
Nd4 Na5 29. Nc2 cxd5 30. Nb4 Qb7 31. cxd5 Nxb3 32. axb3 Rc5 33. Qf3 Re8 34. Nc6
a5 35. Bf4 h6 36. Bc1 Qc8 37. Ba3 Rxc6 38. dxc6 Bxe6 39. Qe3 Bg8 40. Qxb6 1-0

[Event "Frankfurt Ch 2013"]
[Site "Ffm-Kalbach, LAZ"]
[Date "2013.06.03"]
[Round "5.11"]
[White "Hristovski, Srdzan"]
[Black "Tierling, Detlef"]
[Result "1-0"]
[WhiteElo "2136"]
[BlackElo "1941"]
[PlyCount "65"]
[EventDate "2013.??.??"]
[WhiteTeam "Kumanovo"]
[BlackTeam "SC Groß-Umstadt"]

1. d4 d5 2. c4 c6 3. Nc3 dxc4 4. a4 g6 5. Nf3 Bg7 6. e3 Be6 7. Ng5 Qd7 8. Nxe6
Qxe6 9. Qe2 Nf6 10. Qxc4 Qxc4 11. Bxc4 O-O 12. O-O Nbd7 13. Rb1 c5 14. d5 Nb6
15. Ba2 Rac8 16. e4 Nfd7 17. a5 Na8 18. Be3 b6 19. Nb5 a6 20. Na7 Rc7 21. Nc6
bxa5 22. Nxe7+ Kh8 23. Nc6 Rb7 24. Nxa5 Rxb2 25. Rxb2 Bxb2 26. Nc4 Bc3 27. Rc1
Bb4 28. e5 Nc7 29. Rd1 Re8 30. Nd6 Rb8 31. Nxf7+ Kg7 32. d6 Nb5 33. Bh6+ 1-0

[Event "Frankfurt Ch 2013"]
[Site "Ffm-Kalbach, LAZ"]
[Date "2013.06.03"]
[Round "5.12"]
[White "Schmitt, Roland"]
[Black "Schwenkreis, Thomas"]
[Result "1-0"]
[WhiteElo "1934"]
[BlackElo "2128"]
[PlyCount "91"]
[EventDate "2013.??.??"]
[WhiteTeam "SK Großsachsen"]
[BlackTeam "SC Brett vor'm Kopp Ffm"]

1. d4 Nf6 2. c4 d6 3. Nc3 g6 4. e4 Bg7 5. Nf3 O-O 6. Be2 e5 7. O-O Nc6 8. d5
Ne7 9. Ne1 Ne8 10. Nd3 h6 11. Bd2 g5 12. Rc1 f5 13. f3 f4 14. c5 h5 15. Nb5 a6
16. cxd6 cxd6 17. Na3 Ng6 18. Nc4 a5 19. Qb3 a4 20. Qb5 Bd7 21. Qxb7 Rb8 22.
Qa6 g4 23. Be1 Bb5 24. Qa5 Qg5 25. Qd2 Nh4 26. Kh1 Rf6 27. g3 Nxf3 28. Bxf3
gxf3 29. gxf4 exf4 30. Rg1 Qh6 31. Bh4 Rf7 32. Bg5 Qh7 33. Nf2 Kh8 34. Na5 Be5
35. Nc6 Bxc6 36. Rxc6 Rxb2 37. Rc2 Rb8 38. Rc4 Nc7 39. Nd3 f2 40. Qxf2 Bg7 41.
Bxf4 Nxd5 42. Qh4 Bf6 43. Qh3 Nb6 44. Rb4 Nd7 45. Rxb8+ Nxb8 46. Qc8+ 1-0

[Event "Frankfurt Ch 2013"]
[Site "Ffm-Kalbach, LAZ"]
[Date "2013.06.03"]
[Round "5.13"]
[White "Fußnecker, Manfred"]
[Black "Kaliski, Erwin"]
[Result "0-1"]
[WhiteElo "1868"]
[BlackElo "2106"]
[PlyCount "84"]
[EventDate "2013.??.??"]
[WhiteTeam "Sfr. Frankfurt 1921"]
[BlackTeam "SC Bad Nauheim"]

1. e4 e6 2. f4 d5 3. e5 c5 4. Nf3 Nc6 5. c3 Nh6 6. Na3 Nf5 7. Nc2 d4 8. Bd3 Be7
9. O-O O-O 10. Qe2 g6 11. Be4 Qb6 12. Kh1 Rd8 13. b3 a5 14. cxd4 Nfxd4 15.
Nfxd4 Nxd4 16. Nxd4 cxd4 17. Rf3 Bd7 18. Bb2 a4 19. a3 axb3 20. Rh3 Bc6 21. Qd3
Bxe4 22. Qxe4 Rac8 23. g4 Rc2 24. Rb1 Rxd2 25. f5 Qc6 26. Qxc6 bxc6 27. Rxb3
exf5 28. gxf5 c5 29. Rb7 Bf8 30. fxg6 hxg6 31. Rf1 c4 32. Rbxf7 Rxb2 33. e6 Re2
34. R1f6 Rxe6 35. Rxf8+ Rxf8 36. Rxe6 Kf7 37. Rc6 c3 38. Kg2 Ke7 39. Rc4 Rf4
40. a4 Kd6 41. a5 Kd5 42. Rc8 Rf6 0-1

[Event "Frankfurt Ch 2013"]
[Site "Ffm-Kalbach, LAZ"]
[Date "2013.06.03"]
[Round "5.14"]
[White "Roggensack, Hans Peter"]
[Black "Sachse, Günter"]
[Result "1/2-1/2"]
[WhiteElo "1924"]
[BlackElo "2058"]
[PlyCount "127"]
[EventDate "2013.??.??"]
[WhiteTeam "Sfr. Frankfurt 1921"]
[BlackTeam "SK Langen"]

1. e4 c5 2. Nf3 e6 3. Qe2 Nc6 4. g3 g6 5. Bg2 Bg7 6. O-O Nge7 7. c3 d6 8. Rd1
e5 9. Na3 O-O 10. Nc2 Bg4 11. Ne3 Bxf3 12. Bxf3 Kh8 13. d3 f5 14. Nd5 Nxd5 15.
exd5 Ne7 16. Bg5 h6 17. Bxe7 Qxe7 18. h4 Rae8 19. Re1 Qf6 20. Rf1 g5 21. hxg5
Qxg5 22. Kg2 Re7 23. Rh1 e4 24. dxe4 fxe4 25. Bxe4 Qxd5 26. Rh4 Qe6 27. Qh5 b6
28. Rd1 Rf6 29. Qd5 Qxd5 30. Rxd5 Re5 31. Rxe5 dxe5 32. Kf1 Rd6 33. Ke2 Kg8 34.
Bd3 Kf7 35. Bb5 Kf6 36. Ra4 a5 37. Rh4 Kg5 38. Be8 Rd8 39. Rh5+ Kf6 40. Bc6 Kg6
41. g4 Bf6 42. Be4+ Kg7 43. Rh3 Bg5 44. Rd3 Kf7 45. Rxd8 Bxd8 46. Kd3 Ke6 47.
Kc4 Kd6 48. a4 Bh4 49. f3 Bg5 50. Kd3 Bf4 51. Bh7 Bc1 52. Kc2 Bf4 53. Bg8 Bg5
54. Bc4 Bf4 55. Bf7 Kc6 56. Kd3 Kd6 57. Kc4 Bc1 58. b3 Bd2 59. Kb5 Bxc3 60.
Kxb6 Bb4 61. Kb5 e4 62. fxe4 Ke5 63. Bg6 Kd4 64. Bf5 1/2-1/2

[Event "Frankfurt Ch 2013"]
[Site "Ffm-Kalbach, LAZ"]
[Date "2013.06.03"]
[Round "5.15"]
[White "Zimpfer, Andreas"]
[Black "Maier, Martin"]
[Result "1/2-1/2"]
[WhiteElo "1837"]
[BlackElo "2046"]
[PlyCount "59"]
[EventDate "2013.??.??"]
[WhiteTeam "SC Butzbach 2000"]
[BlackTeam "SK Salzgitter-Bad"]

1. d4 b6 2. Nf3 Nf6 3. g3 Bb7 4. Bg2 e6 5. O-O Be7 6. Nc3 O-O 7. Re1 Ne4 8.
Nxe4 Bxe4 9. Ne5 Bxg2 10. Kxg2 d6 11. Ng4 f5 12. Ne3 Nd7 13. c3 Nf6 14. Nc4 Rc8
15. f3 c5 16. dxc5 Rxc5 17. Qb3 Qc7 18. Na3 d5 19. Be3 Rc6 20. Nb5 Qd7 21. Nd4
Rc4 22. Rad1 e5 23. Nc2 Qe6 24. Bg5 Rd8 25. Bxf6 Bxf6 26. e4 fxe4 27. fxe4 d4
28. cxd4 exd4 29. Na3 Rc6 30. Qxe6+ 1/2-1/2

[Event "Frankfurt Ch 2013"]
[Site "Ffm-Kalbach, LAZ"]
[Date "2013.06.03"]
[Round "5.16"]
[White "Marzahn, Heiko"]
[Black "Kretner, Georg-Ulrich"]
[Result "1-0"]
[WhiteElo "2037"]
[BlackElo "1796"]
[PlyCount "29"]
[EventDate "2013.??.??"]
[WhiteTeam "Sfr.Erbach"]
[BlackTeam "SC Bad Nauheim"]

1. e4 g6 2. f4 Bg7 3. Nf3 d6 4. Nc3 Nf6 5. d4 O-O 6. Bd3 Nc6 7. O-O e5 8. d5
Ne7 9. fxe5 dxe5 10. Qe1 c6 11. dxc6 Nxc6 12. Qh4 Qb6+ 13. Kh1 Ng4 14. Nd5 Qc5
15. h3 1-0

[Event "Frankfurt Ch 2013"]
[Site "Ffm-Kalbach, LAZ"]
[Date "2013.06.03"]
[Round "5.17"]
[White "Bittner, Peter"]
[Black "Ortinau, Peter"]
[Result "0-1"]
[WhiteElo "1714"]
[BlackElo "2022"]
[PlyCount "138"]
[EventDate "2013.??.??"]
[WhiteTeam "SC 1961 König Nied"]
[BlackTeam "SC Pirmasens 1912"]

1. e4 e5 2. Nf3 Nc6 3. Bb5 a6 4. Ba4 Nf6 5. O-O Be7 6. c3 O-O 7. Re1 b5 8. Bc2
d6 9. h3 Nb8 10. d4 Nbd7 11. b4 Bb7 12. Bb2 Re8 13. Nbd2 Bf8 14. d5 Nb6 15. Bb3
Rc8 16. Rc1 c6 17. dxc6 Bxc6 18. Nh2 d5 19. f3 Nc4 20. Nxc4 dxc4 21. Bc2 Qb6+
22. Kh1 Nh5 23. Nf1 Nf4 24. Re3 Re6 25. Qe1 Rg6 26. g3 Nxh3 27. Rd1 Rd8 28.
Rxd8 Qxd8 29. Bc1 Ng5 30. Nh2 Qd7 31. Qf1 Bd6 32. Re2 Bc7 33. Ng4 Nxf3 34. Qxf3
Qxg4 35. Qxg4 Rxg4 36. Kh2 h6 37. Bd2 Rg6 38. Be3 Rd6 39. g4 Bd7 40. g5 hxg5
41. Bxg5 Rg6 42. Be3 Bc6 43. Kh3 Bd8 44. Rd2 Be7 45. Rd1 Rd6 46. Rf1 f6 47. Rg1
Rd8 48. Kg3 g5 49. Rf1 Kg7 50. Rf2 Rh8 51. Kg2 Rh4 52. Rd2 Bxe4+ 53. Bxe4 Rxe4
54. Kf3 Rh4 55. Rd7 Kf8 56. Ra7 Rh3+ 57. Ke2 Rh2+ 58. Bf2 g4 59. Kf1 f5 60.
Rxa6 f4 61. Ra8+ Kf7 62. Ra7 Ke6 63. Rb7 g3 64. Bg1 Rxa2 65. Rxb5 f3 66. Ra5
Rxa5 67. bxa5 f2 68. Bxf2 gxf2 69. a6 Bc5 0-1

[Event "Frankfurt Ch 2013"]
[Site "Ffm-Kalbach, LAZ"]
[Date "2013.06.03"]
[Round "5.18"]
[White "Thomele, Michael"]
[Black "Penzel, Nils"]
[Result "0-1"]
[WhiteElo "1828"]
[BlackElo "2062"]
[PlyCount "116"]
[EventDate "2013.??.??"]
[WhiteTeam "SC 1959 Obernau"]
[BlackTeam "SSG Rödermark/Eppertshausen"]

1. e4 e6 2. d4 d5 3. exd5 exd5 4. Bd3 c5 5. dxc5 Bxc5 6. Ne2 Nf6 7. O-O O-O 8.
Nbc3 h6 9. Na4 Bd6 10. Bf4 Nc6 11. Bxd6 Qxd6 12. Nac3 a6 13. Ng3 Qb4 14. Rb1
Qh4 15. Bf5 d4 16. Nce2 Rd8 17. Qd2 g6 18. Bxc8 Raxc8 19. a3 Ne5 20. Rfd1 d3
21. cxd3 Rxd3 22. Qa5 Nfg4 23. Rxd3 Qxh2+ 24. Kf1 Nxd3 25. Qd2 Ndxf2 26. Rc1
Rxc1+ 27. Qxc1 Qh4 28. Qc8+ Kg7 29. Qxb7 Qf6 30. Ke1 Nd3+ 31. Kd2 Nxb2 32. Qb4
Qd6+ 33. Kc2 Qxb4 34. axb4 Na4 35. Ne4 Ne3+ 36. Kb3 Nb6 37. g3 Ned5 38. Nc5 Nc7
39. Nd4 h5 40. Nc6 g5 41. Kc2 Kf6 42. Kd1 Kf5 43. Ke2 h4 44. gxh4 gxh4 45. Kf2
Nbd5 46. Kg2 Kg5 47. Ne4+ Kf4 48. Nf2 Ke3 49. Ng4+ Kd2 50. Kh3 Kc3 51. Nge5 f6
52. Nd7 Nxb4 53. Nxb4 Kxb4 54. Nxf6 a5 55. Ne4 a4 56. Nd2 Nd5 57. Nb1 Ne3 58.
Kxh4 Nc4 0-1

[Event "Frankfurt Ch 2013"]
[Site "Ffm-Kalbach, LAZ"]
[Date "2013.06.03"]
[Round "5.19"]
[White "Hilbenz, Guntram"]
[Black "Sandten, Ulrich"]
[Result "1/2-1/2"]
[WhiteElo "1824"]
[BlackElo "2024"]
[PlyCount "60"]
[EventDate "2013.??.??"]
[WhiteTeam "SC Bad Nauheim"]
[BlackTeam "SF Vonkeln 1931"]

1. c4 c6 2. Nf3 d5 3. Qa4 e6 4. g3 Nf6 5. Bg2 Nbd7 6. d3 Bd6 7. O-O O-O 8. Qc2
Re8 9. Nc3 Qe7 10. a3 a5 11. b3 b6 12. Bb2 Bb7 13. e4 dxe4 14. Nxe4 Nxe4 15.
dxe4 e5 16. Rfd1 Nf8 17. Qc3 f6 18. Bh3 Ne6 19. Bxe6+ Qxe6 20. Ne1 Bc5 21. Nc2
Qh3 22. b4 Bxf2+ 23. Kxf2 Qxh2+ 24. Kf1 Bc8 25. Ne3 Bh3+ 26. Ke1 Rad8 27. Rd2
Qh1+ 28. Ke2 Qxe4 29. Kf2 Rd4 30. Rxd4 exd4 1/2-1/2

[Event "Frankfurt Ch 2013"]
[Site "Ffm-Kalbach, LAZ"]
[Date "2013.06.03"]
[Round "5.20"]
[White "Fröhlich-Dill, Astrid"]
[Black "Czech, Ludwig"]
[Result "1/2-1/2"]
[WhiteElo "1816"]
[BlackElo "1979"]
[PlyCount "86"]
[EventDate "2013.??.??"]
[WhiteTeam "SV 1920 Hofheim"]
[BlackTeam "VSG 1880 Offenbach"]

1. d4 f5 2. Nf3 Nf6 3. c4 g6 4. Nc3 Bg7 5. Bf4 O-O 6. Qd2 d6 7. Bh6 e6 8. h4
Qe7 9. Bg5 h5 10. O-O-O Nbd7 11. e4 Qf7 12. exf5 exf5 13. Nh2 Nh7 14. Bh6 Ndf6
15. f3 Bd7 16. Bxg7 Kxg7 17. d5 Kg8 18. Bd3 Rae8 19. Rhf1 Qg7 20. f4 Re7 21.
Rfe1 Rfe8 22. Rxe7 Qxe7 23. Nf3 Qe3 24. Re1 Qxd2+ 25. Kxd2 Rxe1 26. Kxe1 Kf7
27. Nd4 a6 28. b4 Ke7 29. a3 Ne8 30. Nb3 Kd8 31. Kd2 Nhf6 32. Ke3 c6 33. Na5
Kc7 34. dxc6 Bxc6 35. Nxc6 Kxc6 36. Bc2 Nc7 37. Ne2 Ng4+ 38. Kd3 Kd7 39. Nd4
Nf2+ 40. Ke3 Ng4+ 41. Kd3 Nf2+ 42. Ke3 Ng4+ 43. Kd3 Nf2+ 1/2-1/2

[Event "Frankfurt Ch 2013"]
[Site "Ffm-Kalbach, LAZ"]
[Date "2013.06.03"]
[Round "5.21"]
[White "Plattner, Rolf"]
[Black "Orwatsch, Gerhard"]
[Result "0-1"]
[WhiteElo "1703"]
[BlackElo "1969"]
[PlyCount "57"]
[EventDate "2013.??.??"]
[WhiteTeam "SK Langen"]
[BlackTeam "SC Butzbach 2000"]

1. e4 c6 2. d4 d5 3. Nc3 g6 4. e5 Bg7 5. Nf3 Nh6 6. Be2 f6 7. exf6 exf6 8. O-O
O-O 9. h3 Re8 10. Bd3 Nf7 11. Be3 Nd7 12. Qd2 Nf8 13. Ne2 Nd6 14. b3 Be6 15. c3
Qd7 16. Nf4 Bf5 17. Rae1 Be4 18. Nh2 Re7 19. f3 Bxd3 20. Nxd3 Rae8 21. Bf2 Ne6
22. Nc5 Nxc5 23. dxc5 Nf7 24. f4 Qc7 25. Rxe7 Rxe7 26. Bd4 Re4 27. g3 Qe7 28.
Kf2 Qe6 29. Nf3 0-1

[Event "Frankfurt Ch 2013"]
[Site "Ffm-Kalbach, LAZ"]
[Date "2013.06.03"]
[Round "5.22"]
[White "Hierling, Stefan"]
[Black "Rennhack, Peer"]
[Result "1/2-1/2"]
[WhiteElo "1940"]
[BlackElo "1819"]
[PlyCount "72"]
[EventDate "2013.??.??"]
[WhiteTeam "VSG 1880 Offenbach"]
[BlackTeam "Frankfurter TV 1860"]

1. e4 Nf6 2. Nc3 d5 3. exd5 Nxd5 4. Qf3 Nf6 5. Bb5+ c6 6. Bc4 Nbd7 7. Bb3 Nc5
8. Nge2 Bg4 9. Qe3 e6 10. f3 Bf5 11. d3 Nxb3 12. axb3 b6 13. g4 Bg6 14. Nf4 Bc5
15. Qe2 Nd5 16. Ncxd5 cxd5 17. h4 Qc7 18. h5 Bb4+ 19. Kf1 O-O-O 20. hxg6 hxg6
21. Rxh8 Rxh8 22. d4 g5 23. Qa6+ Kb8 24. c3 Rh1+ 25. Kg2 Rxc1 26. Rxc1 Qxf4 27.
Ra1 Qd2+ 28. Kh3 Bd6 29. Qxa7+ Kc8 30. Qa8+ Kd7 31. Ra7+ Bc7 32. Rxc7+ Kxc7 33.
Qa7+ Kd6 34. Qxf7 Qe3 35. b4 Qc1 36. Qf8+ Kc6 1/2-1/2

[Event "Frankfurt Ch 2013"]
[Site "Ffm-Kalbach, LAZ"]
[Date "2013.06.03"]
[Round "5.23"]
[White "Gutacker, Stephan"]
[Black "Beck, Michael"]
[Result "1-0"]
[WhiteElo "1873"]
[BlackElo "1760"]
[PlyCount "31"]
[EventDate "2013.??.??"]
[WhiteTeam "Sfr.1932 Kelkheim"]
[BlackTeam "SC Flörsheim 1921"]

1. e4 e6 2. d4 d5 3. Nd2 Nc6 4. c3 e5 5. exd5 Qxd5 6. Ngf3 exd4 7. Bc4 Qf5 8.
Nxd4 Nxd4 9. cxd4 Be6 10. Qa4+ Bd7 11. Qb3 O-O-O 12. O-O Be6 13. Re1 Rxd4 14.
Rxe6 Rxc4 15. Re8+ Kd7 16. Rxf8 1-0

[Event "Frankfurt Ch 2013"]
[Site "Ffm-Kalbach, LAZ"]
[Date "2013.06.03"]
[Round "5.24"]
[White "Achtmann, Armin"]
[Black "Imelmann, Esther"]
[Result "1-0"]
[WhiteElo "1984"]
[BlackElo "1640"]
[PlyCount "69"]
[EventDate "2013.??.??"]
[WhiteTeam "TuS Dotzheim"]
[BlackTeam "SC 1961 König Nied"]

1. b4 e5 2. Bb2 f6 3. e4 d5 4. exd5 Qxd5 5. Nc3 Qf7 6. a3 Nh6 7. Nf3 c5 8. bxc5
Bxc5 9. Ne4 Qd5 10. Bb5+ Bd7 11. Qe2 Be7 12. Bc4 Qc6 13. O-O a6 14. d4 Be6 15.
Bxe6 Qxe6 16. dxe5 fxe5 17. Bxe5 O-O 18. Neg5 Bxg5 19. Nxg5 Qf5 20. Qc4+ Nf7
21. f4 Rc8 22. Qxf7+ Qxf7 23. Nxf7 Kxf7 24. Rfd1 b5 25. Rd6 Ra7 26. Rad1 h6 27.
c3 Re8 28. R1d5 Ree7 29. Bd4 Re1+ 30. Kf2 Rae7 31. Rf5+ Ke8 32. Be5 Rb1 33. Rg6
Rb2+ 34. Kf3 Nc6 35. Rxc6 1-0

[Event "Frankfurt Ch 2013"]
[Site "Ffm-Kalbach, LAZ"]
[Date "2013.06.03"]
[Round "5.25"]
[White "Willems, Matthias"]
[Black "Bastian, Holger"]
[Result "1-0"]
[WhiteElo "1970"]
[BlackElo "1698"]
[PlyCount "77"]
[EventDate "2013.??.??"]
[WhiteTeam "SC Bad Nauheim"]
[BlackTeam "Aschaffenburg- Schweinheim"]

1. d4 Nf6 2. Nf3 g6 3. c4 Bg7 4. Nc3 O-O 5. Bg5 d6 6. e3 Nbd7 7. Be2 e5 8. dxe5
dxe5 9. Qc2 c6 10. Rd1 Qc7 11. O-O Nc5 12. Bxf6 Bxf6 13. b4 Na6 14. Ne4 Bg7 15.
Qb3 Qe7 16. a3 Be6 17. Nfg5 Rfd8 18. Qc2 Bf5 19. g4 Bd7 20. c5 Nc7 21. Nxf7
Kxf7 22. Nd6+ Kf8 23. Nxb7 Rdb8 24. Na5 Nd5 25. Qd2 Bh6 26. f4 e4 27. g5 Bg7
28. Bc4 Bc3 29. Qc1 Qg7 30. Rxd5 cxd5 31. Bxd5 Bb5 32. Rf2 Rd8 33. Bxa8 Rxa8
34. Rc2 Qd7 35. c6 Bxc6 36. Nxc6 Rc8 37. b5 Ba5 38. Ne5 Rxc2 39. Nxd7+ 1-0